Media Impact : An introduction to mass media
Gespeichert in:
| 1. Verfasser: | |
|---|---|
| Format: | Buch |
| Sprache: | Undetermined |
| Veröffentlicht: |
Belmont, CA
Thomson/Wadsworth
2005
|
| Schlagworte: | |
| Tags: |
Tag hinzufügen
Keine Tags, Fügen Sie den ersten Tag hinzu!
|
| Thư viện lưu trữ: | Trung tâm Học liệu Trường Đại học Cần Thơ |
|---|
| LEADER | 00569nam a2200217Ia 4500 | ||
|---|---|---|---|
| 001 | CTU_123657 | ||
| 008 | 210402s9999 xx 000 0 und d | ||
| 020 | |c 1545000 | ||
| 082 | |a 302.23 | ||
| 082 | |b B577 | ||
| 100 | |a Biagi, Shirley | ||
| 245 | 0 | |a Media Impact : | |
| 245 | 3 | |b An introduction to mass media | |
| 245 | 0 | |c Shirley Biagi | |
| 260 | |a Belmont, CA | ||
| 260 | |b Thomson/Wadsworth | ||
| 260 | |c 2005 | ||
| 650 | |a Mass media. | ||
| 904 | |i Minh | ||
| 910 | |a Sách kèm đĩa AV.000801 | ||
| 980 | |a Trung tâm Học liệu Trường Đại học Cần Thơ | ||